| 000 | 00668cam a2200217 4500 | ||
|---|---|---|---|
| 001 | 5558 | ||
| 005 | 20181127175752.0 | ||
| 008 | 920721s1992 enk b 001 0 eng | ||
| 010 | _a 92189064 | ||
| 020 |
_a9789350092385 _c |
||
| 043 | _ae-uk--- | ||
| 245 | 0 | 0 |
_aWomen romantics 1785 - 1832 : _bwriting in prose / _cedited by Jennifer Breen. |
| 260 |
_aHachette India : _b _a _b Everyman, _c2010. |
||
| 300 |
_a291 p. ; _c20 cm. |
||
| 490 | 0 | _aEveryman's library | |
| 650 | 0 |
_aEnglish poetry _xWomen authors. |
|
| 650 | 0 |
_aEnglish poetry _y18th century. |
|
| 650 | 0 |
_aEnglish poetry _y19th century. |
|
| 650 | 0 |
_aRomanticism _zGreat Britain. |
|
| 700 | 1 | _aBreen, Jennifer. | |
| 999 |
_c4681 _d4681 |
||